[Event "TUR-chT 2nd League"]
[Site "Denizli"]
[Date "2023.07.13"]
[Round "7.46"]
[White "Keskin, Osman Orcun"]
[Black "Demirbas, Emre"]
[Result "1/2-1/2"]
[WhiteElo "1809"]
[BlackElo "2043"]
[PlyCount "95"]
[EventDate "2023.07.09"]
[EventType "team-swiss"]
[EventRounds "9"]
[EventCountry "TUR"]
[SourceTitle "CBM 215 Extra"]
[Source "ChessBase"]
[SourceDate "2023.09.30"]
[SourceVersion "1"]
[SourceVersionDate "2023.09.30"]
[SourceQuality "1"]
[WhiteTeam "Celik"]
[BlackTeam "Moda"]
[WhiteTeamCountry "TUR"]
[BlackTeamCountry "TUR"]

1. d4 d5 2. Nf3 Nf6 3. c4 c6 4. Nc3 e6 5. Bg5 Nbd7 6. e3 Qa5 7. Bxf6 Nxf6 8. Qb3 Bb4 9. Bd3 dxc4 10. Bxc4 Ne4 11. Rc1 0-0 12. 0-0 Bxc3 13. bxc3 c5 14. Bd3 Nf6 15. Ne5 Qc7 16. Be2 Nd7 17. Nc4 Nf6 18. Bf3 Rb8 19. a4 b6 20. Rfd1 Ba6 21. Ne5 Bb7 22. Bxb7 Rxb7 23. Qb5 h6 24. a5 Rc8 25. a6 Rbb8 26. f3 cxd4 27. cxd4 Qxc1 28. Rxc1 Rxc1+ 29. Kf2 Rbc8 30. Ng4 Nxg4+ 31. fxg4 g6 32. Qd7 R8c7 33. Qd8+ Kg7 34. g5 hxg5 35. Qxg5 R7c2+ 36. Kf3 Ra2 37. Qe5+ Kh7 38. Qb5 Kg8 39. d5 exd5 40. Qxd5 Rf1+ 41. Kg3 Rxa6 42. Qd3 Raa1 43. Qd8+ Kg7 44. Qd4+ f6 45. Qd7+ Kh6 46. Qh3+ Kg5 47. Qg4+ Kh6 48. Qh3+ 1/2-1/2

[Event "TUR-chT 2nd League"]
[Site "Denizli"]
[Date "2023.07.12"]
[Round "5.36"]
[White "Sarginalp, Tuna"]
[Black "Demirbas, Emre"]
[Result "0-1"]
[WhiteElo "1690"]
[BlackElo "2043"]
[PlyCount "104"]
[EventDate "2023.07.09"]
[EventType "team-swiss"]
[EventRounds "9"]
[EventCountry "TUR"]
[SourceTitle "CBM 215 Extra"]
[Source "ChessBase"]
[SourceDate "2023.09.30"]
[SourceVersion "1"]
[SourceVersionDate "2023.09.30"]
[SourceQuality "1"]
[WhiteTeam "Karaman Masterler"]
[BlackTeam "Moda"]
[WhiteTeamCountry "TUR"]
[BlackTeamCountry "TUR"]

1. e4 c5 2. Nf3 e6 3. d4 cxd4 4. Nxd4 Nf6 5. Nc3 Nc6 6. Ndb5 d6 7. Bf4 e5 8. Bg5 a6 9. Na3 b5 10. Nd5 Be7 11. Bxf6 Bxf6 12. c3 Be6 13. Nc2 Bg5 14. g3 0-0 15. Bg2 Ne7 16. Nce3 Bxe3 17. Nxe3 Ra7 18. 0-0 Rd7 19. a4 Qb6 20. Qd3 Rfd8 21. axb5 axb5 22. Rfd1 b4 23. c4 Nc6 24. b3 Nd4 25. Nc2 Bg4 26. Rd2 Ne6 27. Ne3 Nc5 28. Qb1 Be6 29. Rda2 g6 30. Ra5 Rb7 31. Bf3 h5 32. h4 Rdd7 33. Ra8+ Kg7 34. Qd1 Rb8 35. R8a5 Qc6 36. Qc2 Rdd8 37. Ra7 Ra8 38. Kg2 Rxa7 39. Rxa7 Ra8 40. Rxa8 Qxa8 41. Qd2 Qb8 42. Qc2 Kf8 43. Nf1 Ke7 44. Qa2 Qb6 45. Ne3 Nd3 46. Qd2 Qd4 47. Nc2 Qc3 48. Qxc3 bxc3 49. Kf1 Nc1 50. Na1 Nxb3 51. Nxb3 Bxc4+ 52. Ke1 Bxb3 0-1

[Event "TUR-ch U20"]
[Site "Samsun"]
[Date "2023.05.22"]
[Round "5"]
[White "Demirbas, Emre"]
[Black "Caliskan, Murat Osman"]
[Result "1-0"]
[WhiteElo "2013"]
[BlackElo "1538"]
[PlyCount "67"]
[EventDate "2023.05.19"]
[EventType "swiss"]
[EventRounds "9"]
[EventCountry "TUR"]
[SourceTitle "CBM 214 Extra"]
[Source "ChessBase"]
[SourceDate "2023.07.31"]
[SourceVersion "1"]
[SourceVersionDate "2023.07.31"]
[SourceQuality "1"]

1. Nf3 d5 2. c4 d4 3. e3 c5 4. exd4 cxd4 5. g3 Nc6 6. d3 Bf5 7. a3 e6 8. b4 Nf6 9. Bg2 Be7 10. 0-0 0-0 11. Bb2 Bg4 12. Nbd2 Ne5 13. Qb3 Nxf3+ 14. Nxf3 Bxf3 15. Bxf3 Qd7 16. Rfe1 Rac8 17. Rac1 Rfd8 18. Rc2 h6 19. Bc1 Nh7 20. Be4 Ng5 21. Bxg5 Bxg5 22. c5 Rc7 23. Bxb7 h5 24. h4 Be7 25. Bf3 g6 26. Rec1 e5 27. b5 Qh3 28. Bg2 Qg4 29. b6 axb6 30. cxb6 Rxc2 31. Rxc2 Qd1+ 32. Kh2 Bxa3 33. b7 Bd6 34. Qb6 1-0

[Event "TUR Cup"]
[Site "Antalya"]
[Date "2020.01.30"]
[Round "8"]
[White "Agdelen, Huseyin Can"]
[Black "Demirbas, Emre"]
[Result "1-0"]
[WhiteElo "2199"]
[BlackElo "1944"]
[PlyCount "61"]
[EventDate "2020.01.26"]
[EventType "swiss"]
[EventRounds "11"]
[EventCountry "TUR"]
[SourceTitle "CBM 194 Extra"]
[Source "ChessBase"]
[SourceDate "2020.03.31"]
[SourceVersion "1"]
[SourceVersionDate "2020.03.31"]
[SourceQuality "1"]

1. e4 c5 2. Nf3 e6 3. d4 cxd4 4. Nxd4 Nf6 5. Nc3 Nc6 6. a3 d5 7. Bb5 Bd7 8. exd5 Nxd4 9. Bxd7+ Qxd7 10. Qxd4 Nxd5 11. Nxd5 Qxd5 12. Qxd5 exd5 13. Be3 Rc8 14. 0-0-0 Bc5 15. Rhe1 0-0 16. Rxd5 Bxe3+ 17. Rxe3 Rc7 18. Rde5 f6 19. Re7 Rfc8 20. Rxc7 Rxc7 21. b4 Kf7 22. Kb2 g5 23. Kb3 Rd7 24. Rd3 Re7 25. Rd2 h5 26. c4 f5 27. c5 a6 28. b5 axb5 29. Kb4 f4 30. Kxb5 g4 31. Rd4 1-0

[Event "Istanbul op"]
[Site "Istanbul"]
[Date "2019.08.31"]
[Round "7"]
[White "Duran, Esma Doga"]
[Black "Demirbas, Emre"]
[Result "1-0"]
[WhiteElo "2051"]
[BlackElo "1879"]
[PlyCount "83"]
[EventDate "2019.08.26"]
[EventType "swiss"]
[EventRounds "9"]
[EventCountry "TUR"]
[SourceTitle "EXT 2020"]
[Source "ChessBase"]
[SourceDate "2019.10.17"]
[SourceVersion "1"]
[SourceVersionDate "2019.10.17"]
[SourceQuality "1"]

1. Nf3 Nf6 2. g3 b5 3. Bg2 Bb7 4. 0-0 e6 5. c4 b4 6. d4 Be7 7. a3 a5 8. Nbd2 0-0 9. Qc2 c5 10. e4 cxd4 11. e5 Ne8 12. Nxd4 Bxg2 13. Kxg2 d6 14. axb4 dxe5 15. Qe4 Ra7 16. Nb5 Rd7 17. bxa5 Nf6 18. Qe2 Na6 19. Nf3 Qa8 20. Qxe5 Rd3 21. Qe2 Rfd8 22. Be3 Ng4 23. Rfd1 Ne5 24. Rxd3 Rxd3 25. Nbd4 g5 26. Kg1 Nxf3+ 27. Nxf3 Qe4 28. Nd2 Qf5 29. g4 Rxe3 30. fxe3 Qe5 31. Nf3 Qe4 32. Nd4 Bc5 33. Rd1 h5 34. gxh5 g4 35. Qf2 Bd6 36. Nf5 Bc5 37. Rd8+ Kh7 38. Nd4 f5 39. Rd7+ Kg8 40. h6 Nb4 41. h7+ Kh8 42. Rd8+ 1-0

[Event "Istanbul op"]
[Site "Istanbul"]
[Date "2019.08.30"]
[Round "6"]
[White "Demirbas, Emre"]
[Black "Bayramov, Elvin Shamil Oglu"]
[Result "1/2-1/2"]
[WhiteElo "1879"]
[BlackElo "2198"]
[PlyCount "102"]
[EventDate "2019.08.26"]
[EventType "swiss"]
[EventRounds "9"]
[EventCountry "TUR"]
[SourceTitle "EXT 2020"]
[Source "ChessBase"]
[SourceDate "2019.10.17"]
[SourceVersion "1"]
[SourceVersionDate "2019.10.17"]
[SourceQuality "1"]

1. Nf3 Nf6 2. c4 c5 3. g3 g6 4. b3 Bg7 5. Bb2 Nc6 6. Bg2 0-0 7. d4 cxd4 8. Nxd4 d5 9. cxd5 Nxd5 10. Nxc6 bxc6 11. Bxg7 Kxg7 12. 0-0 e5 13. Qc2 Qe7 14. Nc3 Bf5 15. Qb2 Nb6 16. Rfd1 Rac8 17. Rac1 Kg8 18. Ne4 Bxe4 19. Bxe4 c5 20. h4 Rfd8 21. h5 f5 22. Bd3 Rd4 23. e3 Rd6 24. Qc2 Kg7 25. Ba6 Rc7 26. Rxd6 Qxd6 27. Rd1 Qf6 28. hxg6 hxg6 29. Bb5 e4 30. a4 Nc8 31. Rd5 Qe7 32. Qc3+ Kh7 33. Kg2 Nd6 34. Rd1 Nf7 35. Rh1+ Nh6 36. Qd2 Rc8 37. Rd1 Nf7 38. Qa5 Rd8 39. Rxd8 Nxd8 40. Bc4 Nc6 41. Qb5 Ne5 42. a5 Kh6 43. a6 Nf3 44. Be2 Ne1+ 45. Kf1 Nc2 46. Qb7 Qg7 47. Kg2 Ne1+ 48. Kh2 Qb2 49. Qb8 Qg7 50. Qb7 Nd3 51. Kg2 Ne1+ 1/2-1/2

[Event "TUR-chT Clubs"]
[Site "Konya"]
[Date "2019.07.21"]
[Round "9.10"]
[White "Demirbas, Emre"]
[Black "Kavacik, Ahmet"]
[Result "1-0"]
[WhiteElo "1913"]
[BlackElo "1752"]
[PlyCount "48"]
[EventDate "2019.07.16"]
[EventType "team-swiss"]
[EventRounds "9"]
[EventCountry "TUR"]
[SourceTitle "CBM 191 Extra"]
[Source "ChessBase"]
[SourceDate "2019.09.30"]
[SourceVersion "1"]
[SourceVersionDate "2019.09.30"]
[SourceQuality "1"]
[WhiteTeam "Goztepe Dernegi"]
[BlackTeam "Baglarbasi"]
[WhiteTeamCountry "TUR"]
[BlackTeamCountry "TUR"]

1. Nf3 d5 2. c4 e6 3. b3 Nf6 4. Bb2 c5 5. cxd5 exd5 6. d4 Nc6 7. g3 cxd4 8. a3 Bc5 9. Bg2 Ne4 10. b4 Bb6 11. 0-0 0-0 12. b5 Na5 13. Bxd4 Be6 14. Nbd2 Nxd2 15. Qxd2 Nb3 16. Qb2 Bxd4 17. Qxb3 Bxa1 18. Rxa1 Qb6 19. Rd1 a6 20. Ng5 h6 21. Nxe6 fxe6 22. e3 Qxb5 23. Qc2 Rac8 24. Qg6 Rf6 1-0

[Event "TUR-chT Clubs"]
[Site "Konya"]
[Date "2019.07.20"]
[Round "7.8"]
[White "Yigit, Fatih"]
[Black "Demirbas, Emre"]
[Result "1-0"]
[WhiteElo "1594"]
[BlackElo "1913"]
[PlyCount "85"]
[EventDate "2019.07.16"]
[EventType "team-swiss"]
[EventRounds "9"]
[EventCountry "TUR"]
[SourceTitle "CBM 191 Extra"]
[Source "ChessBase"]
[SourceDate "2019.09.30"]
[SourceVersion "1"]
[SourceVersionDate "2019.09.30"]
[SourceQuality "1"]
[WhiteTeam "Trabzon Feda"]
[BlackTeam "Goztepe Dernegi"]
[WhiteTeamCountry "TUR"]
[BlackTeamCountry "TUR"]

1. d4 d5 2. c4 e6 3. Nc3 Nf6 4. e3 c6 5. cxd5 exd5 6. Bd3 Bd6 7. Nge2 Nbd7 8. Ng3 Nf8 9. Qc2 Ng6 10. Bd2 a5 11. a4 Nh4 12. 0-0 Be6 13. e4 dxe4 14. Ncxe4 Nxe4 15. Nxe4 Be7 16. Be3 Bd5 17. f3 Nf5 18. Bf2 Bxe4 19. Bxe4 Nxd4 20. Qc4 Ne6 21. Rad1 Qc7 22. Bf5 Qe5 23. Bg4 0-0 24. Rfe1 Qf6 25. Bxe6 fxe6 26. Rxe6 Qf7 27. Rd7 Rfe8 28. Qe2 Kf8 29. Kf1 Rad8 30. Rxb7 Rd1+ 31. Be1 Rd5 32. g3 h5 33. Kg2 h4 34. Bc3 Rh5 35. g4 h3+ 36. Kf1 Rg5 37. Qe4 Rd5 38. Ke2 Rc5 39. Rc7 Rd5 40. Rexc6 Bg5 41. Rxf7+ Kxf7 42. Rc7+ Kf8 43. Bxg7+ 1-0

[Event "World School-ch U17"]
[Site "Antalya"]
[Date "2019.04.25"]
[Round "8"]
[White "Gulbeyaz, Emir"]
[Black "Demirbas, Emre"]
[Result "1-0"]
[WhiteElo "2241"]
[BlackElo "1960"]
[PlyCount "59"]
[EventDate "2019.04.18"]
[EventType "swiss"]
[EventRounds "9"]
[EventCountry "TUR"]
[SourceTitle "CBM 190 Extra"]
[Source "ChessBase"]
[SourceDate "2019.07.15"]
[SourceVersion "1"]
[SourceVersionDate "2019.07.15"]
[SourceQuality "1"]

1. d4 d5 2. c4 c6 3. Nc3 Nf6 4. Bg5 e6 5. cxd5 exd5 6. Qc2 Na6 7. a3 Nc7 8. e3 Be7 9. Bd3 Ne6 10. Bh4 g6 11. Nge2 Ng7 12. f3 0-0 13. Bf2 Re8 14. Rd1 a6 15. 0-0 c5 16. dxc5 Bxc5 17. Be4 Qe7 18. Nxd5 Nxd5 19. Rxd5 Ba7 20. Rdd1 Bf5 21. Nc3 Rac8 22. Qb3 Bxe4 23. Nxe4 Nf5 24. g4 Nh4 25. Bg3 Nxf3+ 26. Rxf3 Qxe4 27. Qxf7+ Kh8 28. Rd7 Qxe3+ 29. Kg2 Rc2+ 30. Kh3 1-0

[Event "World School-ch U17"]
[Site "Antalya"]
[Date "2019.04.18"]
[Round "1"]
[White "Demirbas, Emre"]
[Black "Ibrahimli, Murad Sultanali"]
[Result "0-1"]
[WhiteElo "1960"]
[BlackElo "2371"]
[PlyCount "70"]
[EventDate "2019.04.18"]
[EventType "swiss"]
[EventRounds "9"]
[EventCountry "TUR"]
[SourceTitle "CBM 190 Extra"]
[Source "ChessBase"]
[SourceDate "2019.07.15"]
[SourceVersion "1"]
[SourceVersionDate "2019.07.15"]
[SourceQuality "1"]

1. e4 e5 2. Nf3 Nc6 3. Bb5 a6 4. Bxc6 dxc6 5. 0-0 Qe7 6. d4 exd4 7. Qxd4 Qd6 8. Nc3 Qxd4 9. Nxd4 Bd7 10. Bf4 0-0-0 11. Rad1 Ne7 12. Bg3 Ng6 13. Nf5 f6 14. Ne2 Re8 15. Rfe1 Rxe4 16. Ned4 Re5 17. Ne3 Re8 18. Nef5 Re5 19. Ne3 Rh5 20. Nef5 c5 21. Ne6 Rxf5 22. Nxc7 Nf4 23. Na8 Bc6 24. Nb6+ Kb8 25. a4 c4 26. Nxc4 g5 27. h4 Bc5 28. hxg5 fxg5 29. Ne5 Bxa4 30. b3 Re8 31. Nf3 Rxe1+ 32. Rxe1 Bb5 33. Nxg5 Ka7 34. c4 Nd3 35. Rd1 Nxf2 0-1

[Event "EU-ch Amateur U2000"]
[Site "Rhodes"]
[Date "2019.04.12"]
[Round "7"]
[White "Mihalache, Paul Stelian"]
[Black "Demirbas, Emre"]
[Result "0-1"]
[WhiteElo "1830"]
[BlackElo "1960"]
[PlyCount "96"]
[EventDate "2019.04.06"]
[EventType "swiss"]
[EventRounds "9"]
[EventCountry "GRE"]
[SourceTitle "EXT 2020"]
[Source "ChessBase"]
[SourceDate "2019.10.17"]
[SourceVersion "1"]
[SourceVersionDate "2019.10.17"]
[SourceQuality "1"]

1. e4 c5 2. Nf3 d6 3. d4 cxd4 4. Nxd4 Nf6 5. Nc3 a6 6. g3 e5 7. Nde2 b5 8. Bg2 Bb7 9. Bg5 Be7 10. Bxf6 Bxf6 11. Nd5 Nd7 12. a4 Nb6 13. Nxf6+ gxf6 14. axb5 axb5 15. Rxa8 Bxa8 16. Qd3 Qd7 17. 0-0 Ke7 18. f4 Rd8 19. fxe5 dxe5 20. Qf3 Qd6 21. Nc3 b4 22. Nd1 Nc4 23. Re1 Nd2 24. Qg4 Qd4+ 25. Kh1 Nxe4 26. Qe2 Qxd1 27. Rxd1 Rxd1+ 28. Qxd1 Nf2+ 29. Kg1 Nxd1 30. Bxa8 Nxb2 31. Kf2 f5 32. Bc6 Kd6 33. Bb5 Nd1+ 34. Ke1 Ne3 35. Kd2 Kc5 36. Bd3 Kd4 37. Bb5 Nc4+ 38. Kc1 e4 39. Kd1 Nd6 40. Bd7 Ke3 41. Ke1 f4 42. gxf4 f5 43. Be6 Kxf4 44. Kf2 Ke5 45. Bg8 h6 46. Ke2 f4 47. h3 Nf5 48. Kf2 Nd4 0-1

[Event "EU-ch Amateur U2000"]
[Site "Rhodes"]
[Date "2019.04.10"]
[Round "5"]
[White "Demirbas, Emre"]
[Black "Bozinovic, Boban"]
[Result "1-0"]
[WhiteElo "1960"]
[BlackElo "1950"]
[PlyCount "43"]
[EventDate "2019.04.06"]
[EventType "swiss"]
[EventRounds "9"]
[EventCountry "GRE"]
[SourceTitle "EXT 2020"]
[Source "ChessBase"]
[SourceDate "2019.10.17"]
[SourceVersion "1"]
[SourceVersionDate "2019.10.17"]
[SourceQuality "1"]

1. e4 c5 2. Nf3 d6 3. d4 cxd4 4. Nxd4 Nf6 5. Nc3 g6 6. Be3 Bg7 7. f3 0-0 8. Qd2 Nc6 9. g4 Nxd4 10. Bxd4 Be6 11. h4 Qa5 12. h5 Rfc8 13. a3 Rab8 14. Rh2 a6 15. h6 Bh8 16. g5 Nd7 17. Bxh8 Kxh8 18. f4 Qc5 19. 0-0-0 b5 20. Bh3 Nb6 21. Nd5 Nc4 22. Qc3+ 1-0

[Event "TUR Cup"]
[Site "Antalya"]
[Date "2019.02.03"]
[Round "11"]
[White "Baylav, Can"]
[Black "Demirbas, Emre"]
[Result "1/2-1/2"]
[WhiteElo "2108"]
[BlackElo "1823"]
[PlyCount "96"]
[EventDate "2019.01.27"]
[EventType "swiss"]
[EventRounds "11"]
[EventCountry "TUR"]
[SourceTitle "CBM 188 Extra"]
[Source "ChessBase"]
[SourceDate "2019.02.26"]
[SourceVersion "1"]
[SourceVersionDate "2019.02.26"]
[SourceQuality "1"]

1. e4 c5 2. Nf3 e6 3. d4 cxd4 4. Nxd4 Nf6 5. Nc3 Nc6 6. a3 e5 7. Ndb5 a6 8. Nd6+ Bxd6 9. Qxd6 Qe7 10. Qd1 d6 11. Bg5 Be6 12. Nd5 Bxd5 13. exd5 Nb8 14. Be2 0-0 15. 0-0 Nbd7 16. c4 h6 17. Be3 Rfc8 18. b4 b6 19. Qd2 Ne8 20. h3 g5 21. g3 Ng7 22. h4 f6 23. hxg5 fxg5 24. Kg2 Nf5 25. Bg4 Rf8 26. Qc2 e4 27. Rae1 Rae8 28. f3 Qe5 29. Bf2 Nf6 30. Bxf5 Qxf5 31. fxe4 Nxe4 32. Bxb6 Qg4 33. Rxf8+ Kxf8 34. Qd3 h5 35. Rf1+ Kg8 36. c5 h4 37. Qf3 Qxg3+ 38. Qxg3 Nxg3 39. cxd6 Nxf1 40. d7 Rf8 41. d8Q Rxd8 42. Bxd8 Ne3+ 43. Kf3 Nxd5 44. Bxg5 h3 45. Kg3 Kf7 46. Kxh3 Ke6 47. Kg4 Nc3 48. Kf4 Kd5 1/2-1/2

[Event "TUR Cup"]
[Site "Antalya"]
[Date "2019.02.02"]
[Round "10"]
[White "Demirbas, Emre"]
[Black "Hatipli, Mehmet"]
[Result "1-0"]
[WhiteElo "1823"]
[BlackElo "1888"]
[PlyCount "91"]
[EventDate "2019.01.27"]
[EventType "swiss"]
[EventRounds "11"]
[EventCountry "TUR"]
[SourceTitle "CBM 188 Extra"]
[Source "ChessBase"]
[SourceDate "2019.02.26"]
[SourceVersion "1"]
[SourceVersionDate "2019.02.26"]
[SourceQuality "1"]

1. Nf3 d5 2. c4 c6 3. b3 Nf6 4. Bb2 Bf5 5. g3 e6 6. Bg2 h6 7. 0-0 Nbd7 8. d4 Be7 9. Nc3 0-0 10. Nd2 Qb6 11. e4 dxe4 12. Ndxe4 Nxe4 13. Nxe4 Rfd8 14. Qe2 a5 15. g4 Bxe4 16. Bxe4 Bf6 17. Rad1 a4 18. f4 Nf8 19. Qf2 g6 20. h4 axb3 21. a3 Bg7 22. f5 exf5 23. gxf5 gxf5 24. Qxf5 Qc7 25. Rd2 Rd6 26. Rg2 Rg6 27. Rff2 Re8 28. h5 Rg3 29. d5 Rg5 30. Bxg7 Rxf5 31. Rxf5 Ng6 32. hxg6 fxg6 33. Rxg6 Kh7 34. d6 Qb6+ 35. c5 Qa5 36. Be5 Qe1+ 37. Rf1 Qe3+ 38. Kh2 Qe2+ 39. Rg2+ Qxe4 40. Rg7+ Kh8 41. Re7+ Kg8 42. Rxe8+ Kh7 43. Re7+ Kg6 44. Rf6+ Kh5 45. Rxh6+ Kg4 46. Rh4+ 1-0

[Event "TUR Cup"]
[Site "Antalya"]
[Date "2019.01.31"]
[Round "7"]
[White "Aydogdu, Selcan Ayberk"]
[Black "Demirbas, Emre"]
[Result "1-0"]
[WhiteElo "1631"]
[BlackElo "1823"]
[PlyCount "79"]
[EventDate "2019.01.27"]
[EventType "swiss"]
[EventRounds "11"]
[EventCountry "TUR"]
[SourceTitle "CBM 188 Extra"]
[Source "ChessBase"]
[SourceDate "2019.02.26"]
[SourceVersion "1"]
[SourceVersionDate "2019.02.26"]
[SourceQuality "1"]

1. d4 d6 2. c4 e5 3. d5 g6 4. e4 Bg7 5. Nc3 f5 6. f3 Nf6 7. Be3 0-0 8. h3 fxe4 9. fxe4 Nh5 10. Nf3 c6 11. Qd2 Ng3 12. Rh2 Nxf1 13. Kxf1 c5 14. Ke2 Nd7 15. Rf1 Nf6 16. g4 a6 17. a4 Bd7 18. Bg5 h6 19. Bxh6 b5 20. Bg5 Qa5 21. Bxf6 Rxf6 22. Rhf2 Rf4 23. Nh4 b4 24. Nd1 Rxe4+ 25. Ne3 Bh6 26. Rf3 Qxa4 27. Qd3 Rf4 28. Qxg6+ Bg7 29. Rxf4 exf4 30. Rxf4 Re8 31. Rf7 Rxe3+ 32. Kf2 Qc2+ 33. Qxc2 Kxf7 34. Qg6+ Kf8 35. Kxe3 Bxb2 36. Qxd6+ Ke8 37. Ng6 Bd4+ 38. Kd3 Kf7 39. Ne5+ Bxe5 40. Qxd7+ 1-0

[Event "TUR Cup"]
[Site "Antalya"]
[Date "2019.01.27"]
[Round "1"]
[White "Demirbas, Emre"]
[Black "Yakar, Azat"]
[Result "1-0"]
[WhiteElo "1823"]
[BlackElo "1362"]
[PlyCount "97"]
[EventDate "2019.01.27"]
[EventType "swiss"]
[EventRounds "11"]
[EventCountry "TUR"]
[SourceTitle "CBM 188 Extra"]
[Source "ChessBase"]
[SourceDate "2019.02.26"]
[SourceVersion "1"]
[SourceVersionDate "2019.02.26"]
[SourceQuality "1"]

1. Nf3 g6 2. c4 Bg7 3. Nc3 Nf6 4. b3 d6 5. d4 Nc6 6. Bb2 0-0 7. g3 e5 8. Bg2 e4 9. Nd2 e3 10. fxe3 Ng4 11. Nf1 Qe7 12. Nd5 f5 13. e4 Qd8 14. exf5 Nf6 15. h3 Bxf5 16. Nfe3 Be4 17. 0-0 Bxg2 18. Kxg2 Ne4 19. Qd3 Nc5 20. Rxf8+ Qxf8 21. dxc5 Bxb2 22. Rf1 Qg7 23. cxd6 cxd6 24. Ng4 Ne5 25. Ndf6+ Kh8 26. Qxd6 Nxg4 27. Nxg4 Re8 28. e4 Qe7 29. Qxe7 Rxe7 30. Re1 Kg7 31. Kf3 h5 32. Ne3 Bd4 33. Rf1 Rf7+ 34. Ke2 Rxf1 35. Nxf1 Kf6 36. Ne3 Ke5 37. Kd3 Bc5 38. Nd5 Bf2 39. g4 b6 40. b4 a5 41. bxa5 bxa5 42. a4 Bc5 43. gxh5 gxh5 44. Nc3 Kf4 45. Ne2+ Kf3 46. e5 h4 47. e6 Kg2 48. Nf4+ Kg3 49. Ke4 1-0

[Event "EU-chT U18"]
[Site "Bad Blankenburg"]
[Date "2018.07.16"]
[Round "5.4"]
[White "Zeman, Matyas"]
[Black "Demirbas, Emre"]
[Result "1-0"]
[WhiteElo "2181"]
[BlackElo "1815"]
[PlyCount "127"]
[EventDate "2018.07.12"]
[EventType "team-swiss"]
[EventRounds "7"]
[EventCountry "GER"]
[SourceTitle "EXT 2019"]
[Source "ChessBase"]
[SourceDate "2018.10.10"]
[SourceVersion "1"]
[SourceVersionDate "2018.10.10"]
[SourceQuality "1"]
[WhiteTeam "Czech Republic U18"]
[BlackTeam "Turkey U18"]
[WhiteTeamCountry "CZE"]
[BlackTeamCountry "TUR"]

1. e4 c5 2. Nf3 e6 3. d4 cxd4 4. Nxd4 Nf6 5. Nc3 Nc6 6. Nxc6 bxc6 7. e5 Nd5 8. Ne4 Qc7 9. f4 Qb6 10. c4 Ne3 11. Qd3 Qb4+ 12. Kf2 Ng4+ 13. Kf3 f5 14. exf6 Nxf6 15. Nxf6+ gxf6 16. Bd2 Qc5 17. Be3 Qa5 18. Be2 e5 19. Kf2 Rb8 20. b3 d5 21. Bh5+ Kd8 22. Rhd1 Be6 23. cxd5 cxd5 24. f5 Bg8 25. Bf3 Rb7 26. Rac1 Ba3 27. Rc6 Ke7 28. Ra6 Qb4 29. Ra4 Qd6 30. Bxd5 Bxd5 31. Qxd5 Qxd5 32. Rxd5 Bd6 33. Ra6 Bb4 34. a3 Bc3 35. Rxa7 Rhb8 36. Rb5 Rxa7 37. Rxb8 Bd4 38. a4 Kd6 39. Rb5 Rc7 40. Bxd4 exd4 41. Ke2 Rc2+ 42. Kd3 Rxg2 43. Kxd4 Rg4+ 44. Kc3 Rh4 45. Rb8 Rxh2 46. Re8 Kc5 47. Re6 Rh3+ 48. Kb2 h5 49. Rxf6 Rf3 50. a5 Kb4 51. a6 Rxb3+ 52. Kc2 Ra3 53. Re6 Rc3+ 54. Kd2 Rc7 55. Ke3 Kc5 56. Kf4 Kd5 57. Kg5 Rf7 58. Rb6 h4 59. Kg6 Ra7 60. f6 h3 61. f7 h2 62. f8Q h1Q 63. Qd6+ Kc4 64. Rb4+ 1-0

[Event "TUR Cup										"]
[Site "Antalya"]
[Date "2018.01.30"]
[Round "5"]
[White "Aslanhan, Halis"]
[Black "Demirbas, Emre"]
[Result "1-0"]
[WhiteElo "1707"]
[BlackElo "1910"]
[PlyCount "85"]
[EventDate "2018.01.27"]
[EventType "swiss"]
[EventRounds "11"]
[EventCountry "TUR"]
[SourceTitle "CBM 182 Extra"]
[Source "ChessBase"]
[SourceDate "2018.02.23"]
[SourceVersion "1"]
[SourceVersionDate "2018.02.23"]
[SourceQuality "1"]

1. e4 c5 2. Nc3 e6 3. Nge2 Nc6 4. g3 g6 5. Bg2 Bg7 6. d3 d6 7. Be3 Nd4 8. Qd2 Ne7 9. Nd1 Nec6 10. c3 Nxe2 11. Qxe2 0-0 12. Qd2 Ne5 13. h3 c4 14. dxc4 Nxc4 15. Qe2 b5 16. 0-0 Bb7 17. Bd4 e5 18. Be3 f5 19. b3 Nxe3 20. Nxe3 a6 21. exf5 Bxg2 22. Kxg2 gxf5 23. Qd3 f4 24. Nf5 Qf6 25. Nxg7 Kxg7 26. Rad1 Rfd8 27. Qf3 Rac8 28. gxf4 exf4 29. Rd4 Kh8 30. Kh2 Rg8 31. Rfd1 Qg7 32. c4 bxc4 33. bxc4 Rb8 34. Rxf4 Rb2 35. Rg4 Qe5+ 36. Kg2 Rxa2 37. Rd5 Rxg4+ 38. hxg4 Qe7 39. c5 dxc5 40. Rd7 Rxf2+ 41. Kxf2 Qh4+ 42. Kg2 Qh6 43. Qa8+ 1-0

[Event "TUR Cup										"]
[Site "Antalya"]
[Date "2018.01.28"]
[Round "2"]
[White "Demirbas, Emre"]
[Black "Hatipoglu, Metin"]
[Result "0-1"]
[WhiteElo "1910"]
[BlackElo "1683"]
[PlyCount "142"]
[EventDate "2018.01.27"]
[EventType "swiss"]
[EventRounds "11"]
[EventCountry "TUR"]
[SourceTitle "CBM 182 Extra"]
[Source "ChessBase"]
[SourceDate "2018.02.23"]
[SourceVersion "1"]
[SourceVersionDate "2018.02.23"]
[SourceQuality "1"]

1. Nf3 d5 2. c4 c6 3. b3 Bf5 4. Bb2 Nf6 5. g3 Nbd7 6. Bg2 h6 7. 0-0 Qc7 8. d4 e6 9. Nc3 Be7 10. Rc1 Qb6 11. Re1 0-0 12. Nd2 Rfe8 13. e4 dxe4 14. Ndxe4 Nxe4 15. Bxe4 Bxe4 16. Nxe4 Nf6 17. Qf3 Nxe4 18. Rxe4 Qa5 19. a3 Rad8 20. Rce1 Rd7 21. Re5 Qd8 22. R5e4 Bf6 23. Qe3 c5 24. Rd1 Qc7 25. Rb1 Red8 26. d5 Bxb2 27. Rxb2 exd5 28. Re8+ Rxe8 29. Qxe8+ Kh7 30. cxd5 Re7 31. Qb5 Re1+ 32. Kg2 Qe5 33. Qd3+ f5 34. Rd2 Re4 35. f4 Qd6 36. Kf3 g5 37. Re2 g4+ 38. Kf2 Rxe2+ 39. Kxe2 Kg6 40. Kd2 a6 41. Kc3 b5 42. b4 Qf6+ 43. Kc2 c4 44. Qe3 Kf7 45. a4 Qe7 46. Qd2 Qe4+ 47. Kc3 Qf3+ 48. Kd4 Ke7 49. Kc5 c3 50. Qe1+ Kd8 51. Kc6 Qe4 52. Qc1 Qc4+ 53. Kb6 bxa4 54. d6 Qxb4+ 55. Kxa6 Qxd6+ 56. Kb5 Qd4 57. Qa3 Kd7 58. Qf8 Qd3+ 59. Kxa4 c2 60. Qf7+ Kc6 61. Qe6+ Kc5 62. Qc8+ Kd4 63. Qd7+ Ke3 64. Qc7 Kd2 65. Qa5+ Kd1 66. Qc5 c1Q 67. Qg1+ Kc2 68. Qf2+ Qcd2 69. Qc5+ Q3c3 70. Qxf5+ Qdd3 71. Qf8 Qa6# 0-1